01839nab a2200457 i 4500001000700000003000800007005001700015006001900032007001500051008004100066022001400107035002100121040003100142050001800173080000700191080001000198082001200208100002100220245006700241264008000308300004500388310001800433336003100451337003300482338004300515362002400558588012300582590016400705650003700869650005600906650004000962650006001002655003201062710005501094710004101149710003901190773005301229797001901282856006101301999001901362149933FlNmELB20241217182441.0m o d | cr cnu||||||||150510c19669999sp tr o 0 b0spa d a0034-7639 a(OCoLC)992078629 aFINmELBbspaerdacFINmELB 4aK1bH565 1966 a35 a342.90 a3402231 aHerrero, Miguel.10aEn torno al conflicto lingüístico belga /cMiguel Herrero. 1aMadrid :bCEPC - Centro de Estudios Políticos y Constitucionales,c[1966] a1 recurso en línea (páginas 283-292) aCuatrimestral atextobtxt2rdacontent/spa acomputadorabc2rdamedia/spa arecurso en líneabcr2rdacarrier/spa1 aNúmero 50 (1966)- aDescripción basada en recurso en línea; Título de la página del título en PDF (e-libro, visto May 10, 2015). aRecurso electrónico. Santa Fe, Arg.: e-libro, 2015. Disponible vía World Wide Web. El acceso puede estar limitado para las bibliotecas afiliadas a e-libro. 0aAdministrative lawvPeriodicals. 4aDerecho administrativovPublicaciones periódicas. 0aPublic administrationvPeriodicals. 4aAdministración públicavPublicaciones periódicas. 4aArtículos electrónicos.2 aCentro de Estudios Políticos y Constitucionales.2 aCentro de Estudios Constitucionales.2 aInstituto de Estudios Políticos.0 aRevista de Administración Públicax0034-76392 ae-libro, Corp.40uhttps://elibro.net/ereader/politecnicointernacional/1623 c149933d149933